| 000 | 00460nam a2200181Ia 4500 | ||
|---|---|---|---|
| 001 | 541 | ||
| 005 | 20260306140525.0 | ||
| 008 | 260306t1998||||xx |||||||||||||| ||spa|| | ||
| 041 | _aESP | ||
| 082 |
_a128 _bA45 |
||
| 100 |
_aAlvira, Rafael _eAUT |
||
| 245 | 0 |
_aLa razón de ser hombre : _bensayo acerca de la justificación del ser humano |
|
| 260 | _c1998 | ||
| 300 |
_a205 páginas : _c24 cm. |
||
| 650 | _aGEN | ||
| 654 | _aCHU | ||
| 942 |
_cLIB _dJUS _fJUS _2ddc _n |
||
| 999 |
_c541 _d541 |
||